ბათუმის შოთა რუსთაველის სახელმწიფო უნივერსიტეტის ბიბლიოთეკა

Ботаника (ბიბ.ჩანაწერი № 34990)

000 -LEADER
fixed length control field 00801nam a2200217Ia 4500
001 - CONTROL NUMBER
control field 826
003 - CONTROL NUMBER IDENTIFIER
control field GE_BSU
008 - FIXED-LENGTH DATA ELEMENTS--GENERAL INFORMATION
fixed length control field 181216s||||||||xx |||||||||||||| ||und||
040 ## - CATALOGING SOURCE
Transcribing agency GE_BSU
080 ## - UNIVERSAL DECIMAL CLASSIFICATION NUMBER
Universal Decimal Classification number 581(075.8)
100 ## - MAIN ENTRY--PERSONAL NAME
Personal name Анцышкина,А.М.;Барабанов,Л.В.;Мостова, Л.В.
245 ## - TITLE STATEMENT
Title Ботаника
245 ## - TITLE STATEMENT
Remainder of title Руководство по учебной практике для студ. Гос. образова. учрежд.высшего професс.образов.Московская медицинская акад. им. И.М.Сеченова
260 ## - PUBLICATION, DISTRIBUTION, ETC.
Place of publication, distribution, etc. Москва
260 ## - PUBLICATION, DISTRIBUTION, ETC.
Name of publisher, distributor, etc. Медицинское информац. агенство
260 ## - PUBLICATION, DISTRIBUTION, ETC.
Date of publication, distribution, etc. 2006
300 ## - PHYSICAL DESCRIPTION
Extent 99стр.
653 ## - INDEX TERM--UNCONTROLLED
Uncontrolled term Ботаника
942 ## - ADDED ENTRY ELEMENTS (KOHA)
Koha item type წიგნი
ეგზემპლარები
Withdrawn status Lost status Damaged status Not for loan Date acquired Barcode Date last seen Price effective from Koha item type Public note
        2018-12-17 2447 2018-12-17 2018-12-17 წიგნი დარბაზი
        2018-12-17 2448 2018-12-17 2018-12-17 წიგნი დარბაზი
        2018-12-17 2449 2018-12-17 2018-12-17 წიგნი საცავი